Statistics for Southampton Trivia

Click here to take the quiz!

General Stats

  • This quiz has been taken 526 times
    (52 since last reset)
  • The average score is 10 of 17

Answer Stats

QuestionAnswer% Correct
What is Southampton’s nickname?The {Saints}
98%
What is the name of Southampton’s stadium?St Mary’s Stadium
93%
Which Real Madrid player and Wales international started his career at Southampton, making his début in 2006?Gareth Bale
81%
With which club does Southampton contest the South Coast Derby?Portsmouth
81%
Which Southampton legend became the first midfielder to score 100 Premier League goals?Matt Le Tissier
79%
In 2018, Southampton received a world-record fee for a defender as which player joined Liverpool?Virgil van Dijk
76%
In 2015, which then-Southampton player set the record for the fastest-ever Premier League hat-trick, netting three goals in 2 minutes 56 seconds against Aston Villa?Sadio Mané
74%
In which stadium did Southampton play from 1898 until 2001?The Dell
74%
Who is Southampton’s record signing, arriving from Liverpool for £20m in 2019?Danny Ings
57%
Who is the current caretaker manager of Southampton?Russell Martin
55%
Who is the current captain of Southampton?Jack Stephens
45%
Which manager guided Southampton to two successive promotions as they returned to the Premier League for the first time in 7 years in 2012?Nigel Adkins
43%
Which Englishman is Southampton's all-time record goalscorer with 228?Mick Channon
36%
Which player scored the only goal of the 1976 FA Cup Final as Southampton beat Manchester United?Bobby Stokes
21%
Which Englishman holds the record for most Southampton appearances with 815?Terry Paine
19%
Which World Cup winner managed Southampton from 1994 until 1995?Alan Ball
17%
Who earned the nickname of Mr Southampton, having played for the club from 1937 until 1955, and then managing them from 1955 until 1973?Ted Bates
14%

Score Distribution

Percentile by Number Answered

Percent of People with Each Score

Your Score History

You have not taken this quiz since the last reset